[Event "European Senior Teams Chess Championshi"]
[Site "Rogaska Slatina"]
[Date "2012.03.27"]
[Round "1.1"]
[White "Vasiukov, Evgeni"]
[Black "Dogantug, Ahmet Ismail"]
[Result "1-0"]
[WhiteElo "2455"]
[BlackElo "2155"]
[PlyCount "91"]
[EventDate "2012.03.27"]
[WhiteTeam "RUS 1"]
[BlackTeam "TUR"]

1. e4 e5 2. Nf3 Nc6 3. Bc4 Bc5 4. c3 Nf6 5. d4 exd4 6. e5 d5 7. Bb5 Ne4 8. Nxd4
Bd7 9. Bxc6 bxc6 10. O-O O-O 11. f3 Ng5 12. Be3 f6 13. b4 Bb6 14. exf6 Qxf6 15.
Na3 c5 16. bxc5 Bxc5 17. Nac2 Ba4 18. Qd2 Nf7 19. Nb3 Bd6 20. Nb4 c6 21. Nc5
Bb5 22. Rfe1 a5 23. Nc2 Ne5 24. Bd4 Qxf3 25. Nd7 Qd3 26. Qxd3 Nxd3 27. Re6 Rfd8
28. Rxd6 c5 29. Bxc5 Nxc5 30. Rxd5 Ne4 31. Rxb5 Rxd7 32. c4 Rd2 33. Ne3 Nc3 34.
Rb7 Rf8 35. c5 Re2 36. Nc4 Ref2 37. h3 Ne2+ 38. Kh1 Rc8 39. Ne5 Nf4 40. Rab1
Ne6 41. c6 Rf5 42. Rb8 Rff8 43. R8b5 h5 44. Ng6 Rfe8 45. Rxh5 Nd4 46. Rf1 1-0

[Event "European Senior Teams Chess Championshi"]
[Site "Rogaska Slatina"]
[Date "2012.03.27"]
[Round "1.1"]
[White "Muratoglu, Salih"]
[Black "Pushkov, Nikolai"]
[Result "0-1"]
[WhiteElo "2055"]
[BlackElo "2390"]
[PlyCount "72"]
[EventDate "2012.03.27"]
[WhiteTeam "TUR"]
[BlackTeam "RUS 1"]

1. d4 Nf6 2. c4 e6 3. Nc3 d5 4. Bg5 Nbd7 5. e3 c6 6. Nf3 Qa5 7. Bxf6 Nxf6 8. a3
Be7 9. Ne5 O-O 10. Bd3 dxc4 11. Nxc4 Qc7 12. O-O Rd8 13. Rc1 Bd7 14. f4 c5 15.
Ne5 Bc6 16. Ne2 Qb6 17. Nc4 Qc7 18. Ne5 b6 19. Nxc6 Qxc6 20. b4 Qd7 21. bxc5
bxc5 22. a4 Nd5 23. Rf3 Nb4 24. Be4 Rac8 25. f5 cxd4 26. Rxc8 Qxc8 27. fxe6
Qxe6 28. Bf5 Qb6 29. Nxd4 Bf6 30. Rf4 Nd5 31. a5 Qd6 32. Bxh7+ Kxh7 33. Nf5 Qe5
34. Qh5+ Kg8 35. Rg4 g6 36. e4 Ne7 0-1

[Event "European Senior Teams Chess Championshi"]
[Site "Rogaska Slatina"]
[Date "2012.03.27"]
[Round "1.2"]
[White "Liebert, Heinz"]
[Black "Hecht, Hans-Joachim"]
[Result "1/2-1/2"]
[WhiteElo "2251"]
[BlackElo "2383"]
[PlyCount "42"]
[EventDate "2012.03.27"]
[WhiteTeam "GER - CACHSEN-ANGALT"]
[BlackTeam "GER 1"]

1. c4 e6 2. Nf3 b6 3. g3 Bb7 4. Bg2 Nf6 5. O-O Be7 6. d4 O-O 7. Nc3 Ne4 8. Nxe4
Bxe4 9. Ne1 d5 10. cxd5 exd5 11. Bxe4 dxe4 12. Be3 Nc6 13. Rc1 Nb4 14. a3 Nd5
15. Ng2 Qd7 16. Qc2 Rfe8 17. Qc6 Rad8 18. Qxd7 Rxd7 19. Rc6 Bd6 20. Rfc1 f6 21.
Bf4 Nxf4 1/2-1/2

[Event "European Senior Teams Chess Championshi"]
[Site "Rogaska Slatina"]
[Date "2012.03.27"]
[Round "1.2"]
[White "Klundt, Klaus"]
[Black "Liebscher, Helmar"]
[Result "1-0"]
[WhiteElo "2378"]
[BlackElo "2093"]
[PlyCount "59"]
[EventDate "2012.03.27"]
[WhiteTeam "GER 1"]
[BlackTeam "GER - CACHSEN-ANGALT"]

1. e4 e5 2. Nf3 Nc6 3. Bb5 a6 4. Ba4 Nf6 5. d3 b5 6. Bb3 Bc5 7. O-O d6 8. c3
Bg4 9. h3 Bh5 10. a4 b4 11. Bg5 Qd7 12. a5 Ne7 13. Bxf6 gxf6 14. Nxe5 Bxd1 15.
Bxf7+ Kf8 16. Nxd7+ Kxf7 17. Nxc5 Bc2 18. Na4 Bxd3 19. Re1 Nc6 20. Nd2 Rab8 21.
Re3 Bc2 22. b3 Nxa5 23. Rc1 Bxb3 24. cxb4 Rxb4 25. Rxc7+ Ke6 26. Nc3 Rhb8 27.
Rxh7 Nc4 28. Nd5 R4b7 29. Nf4+ Ke5 30. Nf3+ 1-0

[Event "European Senior Teams Chess Championshi"]
[Site "Rogaska Slatina"]
[Date "2012.03.27"]
[Round "1.2"]
[White "Kirmas, Joachim Dr"]
[Black "Haakert, Juergen"]
[Result "0-1"]
[WhiteElo "2050"]
[BlackElo "2394"]
[PlyCount "56"]
[EventDate "2012.03.27"]
[WhiteTeam "GER - CACHSEN-ANGALT"]
[BlackTeam "GER 1"]

1. e4 Nf6 2. Nc3 e5 3. Nf3 d6 4. d4 Nbd7 5. Bc4 Be7 6. dxe5 dxe5 7. O-O O-O 8.
Qe2 c6 9. a4 Qc7 10. h3 Nc5 11. Bg5 Nh5 12. Qe3 Nf4 13. Bxe7 Qxe7 14. Ne2 Nxe2+
15. Bxe2 a5 16. Rfd1 Bd7 17. Bc4 Rfd8 18. Ng5 Be8 19. Nf3 Rxd1+ 20. Rxd1 Nxa4
21. Qb3 b5 22. Be2 Kf8 23. c4 Nc5 24. Qc3 b4 25. Qe3 a4 26. Nh4 g6 27. Qh6+ Kg8
28. Nf3 a3 0-1

[Event "European Senior Teams Chess Championshi"]
[Site "Rogaska Slatina"]
[Date "2012.03.27"]
[Round "1.2"]
[White "Clemens, Christian Dr"]
[Black "Reinemann, Guenter Dr"]
[Result "1-0"]
[WhiteElo "2302"]
[BlackElo "2011"]
[PlyCount "93"]
[EventDate "2012.03.27"]
[WhiteTeam "GER 1"]
[BlackTeam "GER - CACHSEN-ANGALT"]

1. g3 f5 2. Bg2 Nf6 3. c4 g6 4. d4 Bg7 5. Nc3 c6 6. Nh3 d6 7. d5 O-O 8. O-O Qe8
9. Nf4 Na6 10. dxc6 bxc6 11. Qa4 Bb7 12. Ne6 Rf7 13. e4 fxe4 14. Be3 h6 15.
Nxe4 Nxe4 16. Bxe4 Rf6 17. Nxg7 Kxg7 18. Rad1 e5 19. Rd2 d5 20. cxd5 cxd5 21.
Qxe8 Rxe8 22. Bxd5 Bxd5 23. Rxd5 Re7 24. Rfd1 Rff7 25. Rxe5 Rxe5 26. Bd4 Rb7
27. Bxe5+ Kf7 28. Rd6 Rb6 29. Rxb6 axb6 30. Kf1 Ke6 31. Bd4 b5 32. Ke2 Kd5 33.
Bg7 h5 34. Ke3 Nc7 35. b3 Ne6 36. Bf6 Nc7 37. Bc3 g5 38. f4 gxf4+ 39. gxf4 Ne6
40. f5 Ng5 41. f6 Ke6 42. a4 bxa4 43. bxa4 Kd5 44. Kf4 Ne6+ 45. Kf5 h4 46. a5
h3 47. a6 1-0

[Event "European Senior Teams Chess Championshi"]
[Site "Rogaska Slatina"]
[Date "2012.03.27"]
[Round "1.3"]
[White "Faibisovich, Vadim Z"]
[Black "Svensson, Leif 1940"]
[Result "1-0"]
[WhiteElo "2377"]
[BlackElo "2129"]
[PlyCount "95"]
[EventDate "2012.03.27"]
[WhiteTeam "RUS - ST. PETERSBURG"]
[BlackTeam "SWE 2"]

1. e4 e5 2. Nf3 Nc6 3. Bb5 a6 4. Bxc6 dxc6 5. Nc3 Bd6 6. d4 exd4 7. Qxd4 f6 8.
Be3 Ne7 9. O-O-O Ng6 10. Nd2 Be6 11. Nb3 Bxb3 12. axb3 Qe7 13. g3 O-O 14. f4
Rfd8 15. Qc4+ Qf7 16. Qxf7+ Kxf7 17. Rhe1 Be7 18. Rxd8 Rxd8 19. Rd1 Rxd1+ 20.
Kxd1 Nf8 21. Ke2 Nd7 22. Kf3 h5 23. Ne2 g5 24. h3 c5 25. Bd2 Ke6 26. Nc3 c6 27.
Nd1 b5 28. Ne3 h4 29. gxh4 gxf4 30. Kxf4 Bd6+ 31. Kf3 Ne5+ 32. Ke2 Ng6 33. Nf5
Be5 34. h5 Nf8 35. Be3 Bxb2 36. Bxc5 Nh7 37. h4 a5 38. Kd3 a4 39. bxa4 bxa4 40.
c3 a3 41. Kc2 Ke5 42. Nd6 Kf4 43. h6 Kg4 44. Bf2 Kf3 45. Bd4 Kf4 46. Ne8 c5 47.
Bxf6 Kxe4 48. Be7 1-0

[Event "European Senior Teams Chess Championshi"]
[Site "Rogaska Slatina"]
[Date "2012.03.27"]
[Round "1.3"]
[White "Hallerod, Ralph"]
[Black "Monin, Nikolay"]
[Result "0-1"]
[WhiteElo "2102"]
[BlackElo "2332"]
[PlyCount "64"]
[EventDate "2012.03.27"]
[WhiteTeam "SWE 2"]
[BlackTeam "RUS - ST. PETERSBURG"]

1. d4 Nf6 2. c4 g6 3. Nc3 Bg7 4. e4 d6 5. f3 O-O 6. Be3 Nbd7 7. Bd3 e5 8. d5
Nh5 9. Nge2 f5 10. O-O f4 11. Bf2 Bf6 12. b4 Bh4 13. Qe1 Bxf2+ 14. Qxf2 b6 15.
Nc1 g5 16. Nb3 Ndf6 17. Be2 g4 18. fxg4 Nxg4 19. Bxg4 Bxg4 20. c5 Rf7 21. Nd2
Rg7 22. Kh1 Qe7 23. Nf3 Kh8 24. Rfc1 Rag8 25. Rc2 Bd7 26. Ne1 Nf6 27. a4 Ng4
28. Qf3 Qh4 29. h3 Ne3 30. Qf2 Rxg2 31. Qxh4 Rg1+ 32. Kh2 Nf1# 0-1

[Event "European Senior Teams Chess Championshi"]
[Site "Rogaska Slatina"]
[Date "2012.03.27"]
[Round "1.4"]
[White "Pesec, Franc"]
[Black "Ivanovic, Bozidar"]
[Result "0-1"]
[WhiteElo "2116"]
[BlackElo "2412"]
[PlyCount "70"]
[EventDate "2012.03.27"]
[WhiteTeam "SLO - CELJE"]
[BlackTeam "MNE"]

1. e4 c5 2. d4 cxd4 3. c3 dxc3 4. Nxc3 Nc6 5. Bc4 Nf6 6. Nf3 d6 7. e5 d5 8.
Nxd5 Nxd5 9. Bxd5 Bf5 10. Qb3 e6 11. Bxc6+ bxc6 12. Qa4 Qb6 13. O-O Bc5 14. Bd2
O-O 15. Rac1 Rfc8 16. Qc4 Bf8 17. Bc3 h6 18. Rfd1 c5 19. h3 Rd8 20. Qa4 Qb7 21.
Nd2 Rd3 22. Re1 Rad8 23. Nf1 Bg6 24. Rcd1 c4 25. Ne3 Bc5 26. Nxc4 Rg3 27. Rxd8+
Kh7 28. Kf1 Qxg2+ 29. Ke2 Bxf2 30. Kd1 Bxe1 31. Bxe1 Qf3+ 32. Kc1 Rg1 33. Rd1
Qf4+ 34. Bd2 Qe4 35. Be3 Rg2 0-1

[Event "European Senior Teams Chess Championshi"]
[Site "Rogaska Slatina"]
[Date "2012.03.27"]
[Round "1.4"]
[White "Zivkovic, Ljubo"]
[Black "Djurkovic, Maks"]
[Result "1/2-1/2"]
[WhiteElo "2279"]
[BlackElo "2130"]
[PlyCount "93"]
[EventDate "2012.03.27"]
[WhiteTeam "MNE"]
[BlackTeam "SLO - CELJE"]

1. c4 c5 2. Nc3 Nc6 3. g3 g6 4. Bg2 Bg7 5. e3 e6 6. Nge2 Nge7 7. d4 cxd4 8.
Nxd4 a6 9. O-O O-O 10. Nb3 d6 11. Qe2 Qc7 12. Rd1 b6 13. e4 Bb7 14. Be3 Ne5 15.
Nd2 Rac8 16. Rac1 Bc6 17. f4 Nd7 18. b4 Qb8 19. Nb3 Rcd8 20. Qf2 Nc8 21. Nd4
Bb7 22. h3 Qa8 23. Kh2 Rfe8 24. Nde2 f5 25. exf5 Bxg2 26. Qxg2 Qxg2+ 27. Kxg2
gxf5 28. Nd4 Bxd4 29. Bxd4 Kf7 30. Bf2 Rg8 31. Kf3 Ke7 32. Re1 Kf7 33. Rcd1 Rg6
34. Re2 Rdg8 35. Red2 Ke7 36. Ne2 e5 37. c5 bxc5 38. bxc5 e4+ 39. Kg2 Nxc5 40.
Bxc5 dxc5 41. Rd7+ Ke8 42. Rd8+ Kf7 43. Rxg8 Rxg8 44. Rd5 Ne7 45. Rxc5 Rb8 46.
Nd4 Rb2+ 47. Kf1 1/2-1/2

[Event "European Senior Teams Chess Championshi"]
[Site "Rogaska Slatina"]
[Date "2012.03.27"]
[Round "1.4"]
[White "Gazvoda, Franc"]
[Black "Raicevic, Momcilo"]
[Result "0-1"]
[WhiteElo "2075"]
[BlackElo "2372"]
[PlyCount "101"]
[EventDate "2012.03.27"]
[WhiteTeam "SLO - CELJE"]
[BlackTeam "MNE"]

1. e4 g6 2. d4 c6 3. Bd3 d5 4. e5 Bg7 5. Nf3 f6 6. exf6 Nxf6 7. Ne5 Nbd7 8. f4
O-O 9. O-O Qb6 10. c3 Nxe5 11. fxe5 Bg4 12. Qe1 Nd7 13. Rxf8+ Rxf8 14. Kh1 c5
15. h3 Bf5 16. Bxf5 Rxf5 17. Qg1 Nf8 18. Nd2 cxd4 19. cxd4 Ne6 20. Nf3 Nd8 21.
b3 h6 22. Ba3 Qe6 23. Rc1 Nc6 24. Qe3 g5 25. Qd3 Rf4 26. Rd1 a6 27. Bc1 Rf8 28.
Be3 g4 29. hxg4 Qxg4 30. Nh2 Qh5 31. Rf1 e6 32. Rxf8+ Bxf8 33. Qf1 Qg6 34. Qf3
Be7 35. Ng4 h5 36. Nf2 Nb4 37. Nh3 Qg4 38. Nf4 Qxf3 39. gxf3 Kf7 40. Nxh5 Nxa2
41. Ng3 Nb4 42. Ne2 Nc2 43. Bd2 Na1 44. b4 b5 45. f4 Nc2 46. f5 exf5 47. Kg2
Bxb4 48. Bc1 a5 49. Nf4 Nxd4 50. Nxd5 Bc5 51. Bb2 0-1

[Event "European Senior Teams Chess Championshi"]
[Site "Rogaska Slatina"]
[Date "2012.03.27"]
[Round "1.5"]
[White "Danner, Georg"]
[Black "Jones, Iolo C"]
[Result "1/2-1/2"]
[WhiteElo "2402"]
[BlackElo "2246"]
[PlyCount "56"]
[EventDate "2012.03.27"]
[WhiteTeam "AUT 1"]
[BlackTeam "WLS"]

1. d4 Nf6 2. Nf3 d6 3. c4 Nbd7 4. Nc3 e5 5. e4 Be7 6. Be2 O-O 7. O-O c6 8. Be3
Re8 9. d5 cxd5 10. cxd5 a6 11. Nd2 Nf8 12. Nc4 N6d7 13. a4 b6 14. Bd3 Rb8 15.
Qe2 Nc5 16. Bc2 a5 17. Nb5 Ba6 18. Kh1 Ra8 19. b4 Bxb5 20. axb5 axb4 21. Rxa8
Qxa8 22. Nxb6 Qa5 23. Bxc5 dxc5 24. Nc4 Qxb5 25. Qd3 Qb8 26. d6 Bf6 27. Qd5 Ne6
28. Bb3 Qa8 1/2-1/2

[Event "European Senior Teams Chess Championshi"]
[Site "Rogaska Slatina"]
[Date "2012.03.27"]
[Round "1.5"]
[White "Thornton, John D"]
[Black "Wittmann, Walter"]
[Result "1/2-1/2"]
[WhiteElo "2036"]
[BlackElo "2286"]
[PlyCount "52"]
[EventDate "2012.03.27"]
[WhiteTeam "WLS"]
[BlackTeam "AUT 1"]

1. c4 Nf6 2. g3 g6 3. Bg2 Bg7 4. Nc3 O-O 5. e4 d6 6. Nge2 e5 7. O-O Nc6 8. d3
Bd7 9. h3 h6 10. Be3 a6 11. f4 Rb8 12. Nd5 Nxd5 13. cxd5 Ne7 14. Qd2 Kh7 15.
fxe5 dxe5 16. d4 Ng8 17. dxe5 Bxe5 18. Bc5 Bd6 19. Rac1 Bb5 20. Rf3 Bxe2 21.
Qxe2 Qe7 22. Bd4 Rbe8 23. Re3 Be5 24. Bc5 Bd6 25. Bd4 Be5 26. Bc5 Bd6 1/2-1/2

[Event "European Senior Teams Chess Championshi"]
[Site "Rogaska Slatina"]
[Date "2012.03.27"]
[Round "1.5"]
[White "Van Kemenade, Rudy"]
[Black "Roth, Peter"]
[Result "1-0"]
[WhiteElo "1984"]
[BlackElo "2262"]
[PlyCount "53"]
[EventDate "2012.03.27"]
[WhiteTeam "WLS"]
[BlackTeam "AUT 1"]

1. f4 Nf6 2. Nf3 d5 3. g3 g6 4. Bg2 Bg7 5. d3 O-O 6. O-O c5 7. h3 Nc6 8. c3 Qc7
9. Na3 a6 10. Qe1 b5 11. Qf2 Nd7 12. Nc2 a5 13. e4 dxe4 14. dxe4 b4 15. e5 e6
16. Ng5 Rb8 17. g4 bxc3 18. bxc3 Re8 19. Qh4 h6 20. Ne4 Qd8 21. g5 hxg5 22.
fxg5 Ncxe5 23. Nf6+ Kf8 24. Qh7 Nxf6 25. gxf6 Bxf6 26. Bh6+ Ke7 27. Rxf6 1-0

[Event "European Senior Teams Chess Championshi"]
[Site "Rogaska Slatina"]
[Date "2012.03.27"]
[Round "1.6"]
[White "Vucenovic, Dragomir"]
[Black "Hauge, Tor Arne"]
[Result "1/2-1/2"]
[WhiteElo "2260"]
[BlackElo "2124"]
[PlyCount "78"]
[EventDate "2012.03.27"]
[WhiteTeam "SUI"]
[BlackTeam "NOR 2"]

1. d4 Nf6 2. Nf3 g6 3. g3 c5 4. d5 d6 5. Bg2 Bg7 6. O-O O-O 7. Nc3 Na6 8. e4
Nc7 9. a4 Bg4 10. h3 Bxf3 11. Qxf3 Nd7 12. Bd2 a6 13. a5 Nb5 14. Nxb5 axb5 15.
Qe2 c4 16. Ra2 Qc7 17. Rfa1 Nc5 18. Qe1 Na4 19. Rb1 c3 20. bxc3 Nxc3 21. Bxc3
Bxc3 22. Qe2 b4 23. Qb5 f5 24. a6 f4 25. gxf4 bxa6 26. Rxa6 Rxa6 27. Qxa6 Rxf4
28. Rf1 g5 29. Qd3 Qc5 30. Qg3 h6 31. Qd3 Kg7 32. Bf3 Bd4 33. Kg2 Qc3 34. Qxc3
Bxc3 35. Rd1 Rf8 36. Be2 Kf6 37. Rd3 Ke5 38. Rf3 Rxf3 39. Kxf3 h5 1/2-1/2

[Event "European Senior Teams Chess Championshi"]
[Site "Rogaska Slatina"]
[Date "2012.03.27"]
[Round "1.6"]
[White "Illi, Hans-Joerg"]
[Black "Sollid, Stein"]
[Result "1-0"]
[WhiteElo "2109"]
[BlackElo "2018"]
[PlyCount "65"]
[EventDate "2012.03.27"]
[WhiteTeam "SUI"]
[BlackTeam "NOR 2"]

1. d4 Nf6 2. Nf3 b6 3. Bg5 Ne4 4. Bh4 Bb7 5. Nfd2 g6 6. Nxe4 Bxe4 7. d5 Bg7 8.
Nc3 Bf5 9. e4 g5 10. Bxg5 Bg6 11. Bd3 d6 12. f4 h6 13. Bh4 Nd7 14. f5 Bh7 15.
Bb5 Rg8 16. Qd2 Kf8 17. Bxd7 Qxd7 18. O-O f6 19. Qe2 a6 20. a4 Qe8 21. Bf2 Qf7
22. Be3 Qe8 23. Rf4 Rh8 24. Ra3 Bg8 25. Rh4 h5 26. Qd3 Bf7 27. Ne2 Rb8 28. Nd4
Ra8 29. Bf4 Rc8 30. a5 b5 31. Rc3 Qd7 32. Rc6 Ra8 33. Rh3 1-0

[Event "European Senior Teams Chess Championshi"]
[Site "Rogaska Slatina"]
[Date "2012.03.27"]
[Round "1.7"]
[White "Rosenlund, Thorbjorn"]
[Black "Kurka, Dieter"]
[Result "0-1"]
[WhiteElo "2286"]
[BlackElo "2093"]
[PlyCount "81"]
[EventDate "2012.03.27"]
[WhiteTeam "DEN 1"]
[BlackTeam "GER - MATTADORE"]

1. Nf3 d5 2. b3 Nf6 3. Bb2 Bf5 4. g3 e6 5. Bg2 Bd6 6. O-O Nbd7 7. d3 O-O 8. c4
c6 9. Nc3 Re8 10. e4 Bg4 11. cxd5 exd5 12. exd5 cxd5 13. Nb5 Bb8 14. Qd2 a6 15.
Nbd4 Ne5 16. Rfe1 Qd7 17. Nxe5 Bxe5 18. f4 Bd6 19. Nf3 Bxf3 20. Bxf3 Bc5+ 21.
Kh1 Ng4 22. d4 Bf8 23. Kg2 h5 24. h3 Nf6 25. Re5 Bd6 26. Rae1 h4 27. g4 Rad8
28. Qf2 Bxe5 29. dxe5 Ne4 30. Qxh4 Nd2 31. f5 Nxf3 32. Kxf3 d4 33. f6 gxf6 34.
exf6 Qd5+ 35. Kf4 Rxe1 36. Qxe1 Qd6+ 37. Kf5 Rc8 38. g5 Rc5+ 39. Kg4 Re5 40.
Qf1 Re4+ 41. Kh5 0-1

[Event "European Senior Teams Chess Championshi"]
[Site "Rogaska Slatina"]
[Date "2012.03.27"]
[Round "1.7"]
[White "Neumann, Horst"]
[Black "Kolbak, Jens"]
[Result "1/2-1/2"]
[WhiteElo "1937"]
[BlackElo "2278"]
[PlyCount "102"]
[EventDate "2012.03.27"]
[WhiteTeam "GER - MATTADORE"]
[BlackTeam "DEN 1"]

1. d4 Nf6 2. Nf3 e6 3. Bg5 Be7 4. Nbd2 d5 5. e3 b6 6. Bd3 Bb7 7. O-O O-O 8. Qe2
c5 9. c3 Ne4 10. Bxe7 Qxe7 11. Rad1 Nd7 12. Ba6 Ndf6 13. Bxb7 Qxb7 14. Nxe4
Nxe4 15. Nd2 Nf6 16. Rfe1 Rac8 17. Nf3 Rfe8 18. Qd3 c4 19. Qb1 b5 20. a3 a5 21.
Nd2 e5 22. Qf5 e4 23. f3 Rcd8 24. Rf1 Re6 25. b3 b4 26. axb4 axb4 27. Rc1 exf3
28. Rxf3 cxb3 29. Nxb3 Qe7 30. Qd3 bxc3 31. Nc5 Rb6 32. Qxc3 Rdb8 33. Rf2 h5
34. Rcf1 Rb1 35. Qd3 Rxf1+ 36. Rxf1 Re8 37. Rf3 Ne4 38. Qb5 Nf6 39. h3 Ra8 40.
Qc6 Rb8 41. Kh2 Qd8 42. Rf1 Rb6 43. Qa4 Qb8+ 44. Kg1 Qg3 45. Qa3 Rb8 46. Qc1
Qg6 47. Kh2 Re8 48. Rf3 Rb8 49. Rf1 Ra8 50. Qb2 Qg5 51. Rf3 Qg6 1/2-1/2

[Event "European Senior Teams Chess Championshi"]
[Site "Rogaska Slatina"]
[Date "2012.03.27"]
[Round "1.9"]
[White "Donchenko, Anatoly"]
[Black "Danner, Lambert"]
[Result "1-0"]
[WhiteElo "2376"]
[BlackElo "2090"]
[PlyCount "63"]
[EventDate "2012.03.27"]
[WhiteTeam "GER - HESSEN"]
[BlackTeam "AUT - WIEN 2"]

1. c4 f5 2. g3 Nf6 3. Bg2 g6 4. b3 Bg7 5. Bb2 d6 6. d4 c6 7. Nf3 O-O 8. O-O e5
9. dxe5 Ng4 10. Qc1 Nxe5 11. Rd1 Nxf3+ 12. Bxf3 Bxb2 13. Qxb2 Qf6 14. Nc3 Nd7
15. Rd2 Ne5 16. Rad1 Nf7 17. Bg2 Be6 18. f4 Rfd8 19. e4 Rd7 20. c5 Rad8 21.
cxd6 fxe4 22. Nxe4 Qxb2 23. Rxb2 Kg7 24. Nc5 Bg4 25. Rdb1 Bf5 26. Nxd7 Bxb1 27.
Nc5 Bf5 28. Nxb7 Rb8 29. Bxc6 Bc8 30. Nc5 Nxd6 31. Rd2 Nf7 32. Bd7 1-0

[Event "European Senior Teams Chess Championshi"]
[Site "Rogaska Slatina"]
[Date "2012.03.27"]
[Round "1.9"]
[White "¦, Helene"]
[Black "Isserman, Ryhor"]
[Result "0-1"]
[WhiteElo "2083"]
[BlackElo "2309"]
[PlyCount "80"]
[EventDate "2012.03.27"]
[WhiteTeam "AUT - WIEN 2"]
[BlackTeam "GER - HESSEN"]

1. Nf3 Nf6 2. c4 g6 3. Nc3 Bg7 4. e4 d6 5. d4 O-O 6. Be2 c5 7. dxc5 Qa5 8. O-O
Qxc5 9. Be3 Qa5 10. h3 Nc6 11. Qd2 Be6 12. Rac1 Rac8 13. Rfd1 a6 14. b3 b5 15.
cxb5 axb5 16. Bxb5 Nxe4 17. Nxe4 Qxb5 18. Nd4 Nxd4 19. Bxd4 Rxc1 20. Rxc1 Qd5
21. Bxg7 Kxg7 22. Qxd5 Bxd5 23. Nd2 Kf6 24. h4 h5 25. g3 Ra8 26. a4 e5 27. Kf1
Rb8 28. Ke1 Ke6 29. Rb1 Rb4 30. Kd1 Bc6 31. Kc2 d5 32. a5 Kd6 33. Kc3 Kc5 34.
Re1 e4 35. Ra1 d4+ 36. Kc2 Rb7 37. a6 Ra7 38. Ra5+ Kb6 39. Re5 f5 40. Re6 Rxa6
0-1

[Event "European Senior Teams Chess Championshi"]
[Site "Rogaska Slatina"]
[Date "2012.03.27"]
[Round "1.9"]
[White "Haubt, Georg"]
[Black "Teichmeister, Sven"]
[Result "1-0"]
[WhiteElo "2215"]
[BlackElo "2039"]
[PlyCount "69"]
[EventDate "2012.03.27"]
[WhiteTeam "GER - HESSEN"]
[BlackTeam "AUT - WIEN 2"]

1. e4 c5 2. Nf3 g6 3. d4 cxd4 4. Qxd4 Nf6 5. e5 Nc6 6. Qa4 Nd5 7. Qb3 Nb6 8.
Bf4 Bg7 9. c4 d6 10. exd6 exd6 11. Be2 O-O 12. O-O Qf6 13. Bc1 Be6 14. Nc3 Na5
15. Qb4 Naxc4 16. Bxc4 Bxc4 17. Re1 Rfe8 18. Be3 d5 19. Bd4 Qd8 20. Bxg7 Kxg7
21. b3 Ba6 22. Rxe8 Qxe8 23. Qd4+ Kg8 24. a4 Rd8 25. a5 Nc8 26. Nxd5 Qf8 27.
Nf6+ Kh8 28. Qh4 Qg7 29. Re1 Rf8 30. Ng5 h5 31. Qf4 b6 32. Nd7 Qc3 33. Rc1 Re8
34. Nxf7+ Kg7 35. Nfe5 1-0

[Event "European Senior Teams Chess Championshi"]
[Site "Rogaska Slatina"]
[Date "2012.03.27"]
[Round "1.9"]
[White "Titz, Herbert"]
[Black "Zunker, Reinhard Dr"]
[Result "1/2-1/2"]
[WhiteElo "2024"]
[BlackElo "2177"]
[PlyCount "32"]
[EventDate "2012.03.27"]
[WhiteTeam "AUT - WIEN 2"]
[BlackTeam "GER - HESSEN"]

1. e4 e5 2. Nf3 Nc6 3. d4 exd4 4. Nxd4 g6 5. c4 Bg7 6. Nc2 Nf6 7. Nc3 d6 8. Be2
O-O 9. O-O Be6 10. Rb1 Re8 11. b3 Nd7 12. Bb2 Nc5 13. f3 a5 14. Nb5 Bxb2 15.
Rxb2 Bd7 16. Qd2 Qf6 1/2-1/2

[Event "European Senior Teams Chess Championshi"]
[Site "Rogaska Slatina"]
[Date "2012.03.27"]
[Round "1.10"]
[White "Dahl, Ivar M"]
[Black "Strutinskaya, Galina N"]
[Result "1/2-1/2"]
[WhiteElo "2146"]
[BlackElo "2273"]
[PlyCount "80"]
[EventDate "2012.03.27"]
[WhiteTeam "NOR 5"]
[BlackTeam "RUS 2"]

1. Nf3 e6 2. g3 b5 3. a4 b4 4. Bg2 Bb7 5. O-O Nf6 6. c4 d5 7. cxd5 Bxd5 8. d3
Nbd7 9. b3 a5 10. Bb2 Qc8 11. Nbd2 Be7 12. Rc1 O-O 13. Qc2 c5 14. Ne5 Nxe5 15.
Bxe5 Qb7 16. e4 Bc6 17. Nc4 Rfd8 18. f4 Ra7 19. Qe2 Ne8 20. Rf2 Qd7 21. Bf1 Bf8
22. f5 exf5 23. Rxf5 Qe6 24. Qf2 Bd7 25. Be2 Qg6 26. Rf4 Be6 27. d4 cxd4 28.
Bxd4 Rxd4 29. Qxd4 Qg5 30. Ne5 Ra8 31. Nf3 Qe7 32. Bc4 g5 33. Bxe6 gxf4 34. Bd5
Rd8 35. gxf4 Nf6 36. Kf2 h6 37. Qc4 Nxd5 38. exd5 Qf6 39. Rg1+ Bg7 40. Rd1 Bf8
1/2-1/2

[Event "European Senior Teams Chess Championshi"]
[Site "Rogaska Slatina"]
[Date "2012.03.27"]
[Round "1.10"]
[White "Saunina, Ludmila"]
[Black "Mundal, Arnold"]
[Result "1-0"]
[WhiteElo "2300"]
[BlackElo "2013"]
[PlyCount "101"]
[EventDate "2012.03.27"]
[WhiteTeam "RUS 2"]
[BlackTeam "NOR 5"]

1. e4 e6 2. d4 b6 3. c4 Bb7 4. Nc3 Bb4 5. f3 Ne7 6. Nge2 O-O 7. a3 Bxc3+ 8.
Nxc3 d6 9. Bd3 Nd7 10. O-O e5 11. d5 c6 12. dxc6 Nxc6 13. Be3 Nc5 14. b4 Ne6
15. Nd5 Ncd4 16. Qe1 Rc8 17. Qf2 Nc6 18. Rac1 Ne7 19. Qh4 Nxd5 20. Qxd8 Rfxd8
21. exd5 Nf8 22. f4 f6 23. fxe5 fxe5 24. Rf2 Ng6 25. Bf5 Rc7 26. Be6+ Kh8 27.
g3 Ba6 28. c5 dxc5 29. bxc5 bxc5 30. Rxc5 Rxc5 31. Bxc5 Bc4 32. Bxa7 Nf8 33.
Bf7 Nd7 34. d6 Bb5 35. Rb2 Ba4 36. Rb7 g6 37. Be3 Kg7 38. Bg5 Rb8 39. Rxb8 Nxb8
40. Bd5 h6 41. Bd2 g5 42. Kf2 Kf6 43. g4 Nd7 44. Ba5 Kg7 45. Ke3 Kg6 46. Bd8
Nf6 47. Be6 h5 48. Bf5+ Kf7 49. Bxf6 Kxf6 50. d7 Ke7 51. gxh5 1-0

[Event "European Senior Teams Chess Championshi"]
[Site "Rogaska Slatina"]
[Date "2012.03.27"]
[Round "1.10"]
[White "Bergersen, Per A"]
[Black "Fatalibekova, Elena"]
[Result "1/2-1/2"]
[WhiteElo "1991"]
[BlackElo "2276"]
[PlyCount "81"]
[EventDate "2012.03.27"]
[WhiteTeam "NOR 5"]
[BlackTeam "RUS 2"]

1. g3 e5 2. Nf3 e4 3. Nd4 Nf6 4. Bg2 d5 5. d3 exd3 6. cxd3 Bc5 7. Nb3 Bb6 8.
O-O O-O 9. Nc3 c6 10. Bg5 h6 11. Bxf6 Qxf6 12. d4 Rd8 13. e3 Nd7 14. Rc1 Nf8
15. Na4 Ne6 16. Nxb6 axb6 17. a3 Ng5 18. f4 Ne4 19. Nd2 Nxd2 20. Qxd2 Bf5 21.
Rfe1 Re8 22. Qd1 Qe6 23. Rc3 Be4 24. Qd2 b5 25. Qe2 Ra4 26. Rd1 Qd6 27. Qd2 h5
28. Rcc1 g6 29. Rc3 Kg7 30. Rdc1 Qe6 31. Qd1 f5 32. h4 Rea8 33. Qe1 Bxg2 34.
Kxg2 Qe4+ 35. Kf2 Qe7 36. Rc5 Re8 37. Qd2 Qd6 38. Qc3 Re7 39. Qd2 Kf7 40. Qc3
Re4 41. Qd2 1/2-1/2

[Event "European Senior Teams Chess Championshi"]
[Site "Rogaska Slatina"]
[Date "2012.03.27"]
[Round "1.10"]
[White "Miednikova, Swietlana"]
[Black "Lerstad, Bjorn"]
[Result "1/2-1/2"]
[WhiteElo "2183"]
[BlackElo "1902"]
[PlyCount "88"]
[EventDate "2012.03.27"]
[WhiteTeam "RUS 2"]
[BlackTeam "NOR 5"]

1. e4 e6 2. d4 b6 3. Nf3 Bb7 4. Bd3 Nf6 5. Qe2 d6 6. O-O Be7 7. c4 O-O 8. Nc3
Nbd7 9. Re1 e5 10. d5 h6 11. Rb1 Nc5 12. Bc2 a5 13. b3 Bc8 14. a3 Nh7 15. b4
Nb7 16. Be3 f5 17. exf5 Bxf5 18. Bxf5 Rxf5 19. Ne4 axb4 20. axb4 Ng5 21. Nfxg5
Bxg5 22. Bxg5 hxg5 23. Qg4 g6 24. h4 Qe7 25. hxg5 Kg7 26. g3 Rh8 27. Kg2 Nd8
28. Rh1 Rff8 29. Rxh8 Rxh8 30. Rh1 Rxh1 31. Kxh1 Nf7 32. Kg2 Qd8 33. Kh3 Qh8+
34. Qh4 Qc8+ 35. Qg4 Qd8 36. f4 Qh8+ 37. Kg2 Qa8 38. f5 Qa2+ 39. Nf2 gxf5 40.
Qxf5 Qxc4 41. Qf6+ Kg8 42. Qe6 Kg7 43. Qf6+ Kg8 44. Qe6 Kg7 1/2-1/2